Statistics for #1 Hits of the 2010s Quiz

Click here to take the quiz!

General Stats

  • This quiz has been taken 127,660 times
    (28,011 since last reset)
  • The average score is 40 of 67

Answer Stats

#Artist% Correct
8Katy Perry
95%
5Taylor Swift
93%
4Adele
92%
5Bruno Mars
91%
3Justin Bieber
89%
7Rihanna
89%
1Mariah Carey
88%
1Miley Cyrus
86%
2Ed Sheeran
85%
1Lady Gaga and
Bradley Cooper
84%
2Ariana Grande
84%
4Maroon 5
84%
1Lady Gaga
84%
2Ke$ha
81%
4Drake
79%
1Shawn Mendes and
Camila Cabello
78%
1Camila Cabello
73%
1Billie Eilish
73%
1Pharrell Williams
72%
4The Weeknd
72%
3Eminem
72%
1Justin Timberlake
70%
1Lorde
70%
1Post Malone and
Swae Lee
70%
3Post Malone
69%
1Carly Rae Jepsen
69%
1Sia
69%
2Macklemore
69%
3P!nk
68%
1Meghan Trainor
68%
1John Legend
67%
2LMFAO
64%
2Pitbull
62%
2Cardi B
61%
1Lil Nas X
60%
1Robin Thicke
58%
1Gotye
57%
1Zayn
56%
2Wiz Khalifa
55%
1Kelly Clarkson
54%
1Childish Gambino
53%
2Travis Scott
50%
1Mark Ronson
50%
1Flo Rida
49%
1Luis Fonsi
49%
1Fun
49%
1Iggy Azalea
47%
1The Chainsmokers
47%
1Kendrick Lamar
46%
1Selena Gomez
45%
1Lizzo
44%
1Lewis Capaldi
43%
1OMI
41%
1The Black Eyed Peas
38%
1XXXTentacion
36%
1DJ Khaled
36%
1Magic!
36%
1Halsey
33%
1Desiigner
32%
1Migos
31%
1Usher
31%
1Britney Spears
25%
1Taio Cruz
22%
1Rae Sremmurd
22%
1B.o.B
22%
1Far East Movement
18%
1Baauer
11%

Score Distribution

Percentile by Number Answered

Percent of People with Each Score

Your Score History

You have not taken this quiz since the last reset